L'arricchimento senza causa.
Guardat en:
| Altres autors: | |
|---|---|
| Format: | Llibre |
| Publicat: |
Torino, Italia:
G. Giappichelli,
2005.
|
| Edició: | 1a. ed |
| Col·lecció: | Università degli studi "Roma Tre", Facoltà di giurisprudenza, Dipartimento studi giuridici, Monografie,
|
| Matèries: | |
| Etiquetes: |
Afegir etiqueta
Sense etiquetes, Sigues el primer a etiquetar aquest registre!
|
MARC
| LEADER | 00000nam a22000007a 4500 | ||
|---|---|---|---|
| 003 | CL-VaPUC | ||
| 005 | 20240730105342.0 | ||
| 008 | 220713t2005 ||||| |||| 00| 0 eng d | ||
| 999 | |c 436990 |d 436988 | ||
| 020 | |a 88-348-4625-7 | ||
| 040 | |c Pontificia Universidad Católica de Valparaíso | ||
| 082 | 7 | |a 346.029 MAN 2005 |2 22 | |
| 100 | |a Mannino, Vincenzo |e editor |9 560979 | ||
| 245 | 1 | 2 | |a L'arricchimento senza causa. |
| 250 | |a 1a. ed | ||
| 260 | |a Torino, Italia: |b G. Giappichelli, |c 2005. | ||
| 300 | |a 110 páginas. | ||
| 490 | 0 | |a Università degli studi "Roma Tre", Facoltà di giurisprudenza, Dipartimento studi giuridici, Monografie, |n 12 | |
| 500 | |a c.1 Donación Familia Prof. Alejandro Guzmán Brito. | ||
| 583 | |a last modification |c 20070316 00:00:00 |k Cristina María Rojas Aguilar | ||
| 611 | |a Atti del convegno dell' Università degli studi Roma Tre |c Roma, |d 24 e 25 ottobre 2003. |9 872814 | ||
| 650 | 0 | |a Enriquecimiento sin causa |9 385638 | |
| 650 | |a Enriquecimiento ilícito |9 532688 | ||
| 942 | |c BK |2 ddc |n 0 | ||
| 952 | |0 0 |1 0 |2 ddc |4 0 |6 346_029000000000000_MAN_2005 |7 1 |8 C_AGB |9 584726 |a BIBDER |b BIBDER |d 2022-07-13 |e Donación |i 5652779 |o 346.029 MAN 2005 |p 5652779 |r 2023-01-25 |t 1 |w 2022-07-13 |y BK_US |k AGB | ||